| 000 | 00898nam a22002297a 4500 | ||
|---|---|---|---|
| 005 | 20100408104915.0 | ||
| 008 | 100408t xxu||||| |||| 00| 0 eng d | ||
| 010 | _a ENG-96002 | ||
| 020 |
_a9788131729694 _c249.00 |
||
| 035 | _aEN-79535 | ||
| 037 | _bDBAD/VEN | ||
| 040 | _aDPL | ||
| 082 | _a000 | ||
| 100 | _aBalakrishna, Sidharth | ||
| 245 |
_aAn introduction to the CAT: _cby Sidharth Balakrishna _btips from an IIM alumnus/ |
||
| 260 |
_aNew Delhi _bDorling Kindersley (India) Pvt. Ltd., Licensees of Pearson Education, _c2010 |
||
| 270 |
_a14, Local Shopping Centre, Panchsheel Park _bNew Delhi _e110017 |
||
| 300 |
_ax, 174p. ; _c22 cm. |
||
| 942 |
_2ddc _cEN _mBAL _h000 |
||
| 999 |
_c35155 _d35155 |
||